<?xml version="1.0" encoding="UTF-8"?>
<record
    xmlns:xsi="http://www.w3.org/2001/XMLSchema-instance"
    xsi:schemaLocation="http://www.loc.gov/MARC21/slim http://www.loc.gov/standards/marcxml/schema/MARC21slim.xsd"
    xmlns="http://www.loc.gov/MARC21/slim">

  <leader>01355nam a22001937a 4500</leader>
  <datafield tag="952" ind1=" " ind2=" ">
    <subfield code="0">0</subfield>
    <subfield code="1">0</subfield>
    <subfield code="2">lcc</subfield>
    <subfield code="4">0</subfield>
    <subfield code="7">0</subfield>
    <subfield code="a">04</subfield>
    <subfield code="b">04</subfield>
    <subfield code="d">2013-09-06</subfield>
    <subfield code="l">0</subfield>
    <subfield code="o">RA407.A3 H5 2013</subfield>
    <subfield code="p">05 001483</subfield>
    <subfield code="r">2023-02-17</subfield>
    <subfield code="t">1</subfield>
    <subfield code="w">2013-09-06</subfield>
    <subfield code="y">LB</subfield>
  </datafield>
  <datafield tag="952" ind1=" " ind2=" ">
    <subfield code="0">0</subfield>
    <subfield code="1">0</subfield>
    <subfield code="2">lcc</subfield>
    <subfield code="4">0</subfield>
    <subfield code="7">0</subfield>
    <subfield code="a">04</subfield>
    <subfield code="b">04</subfield>
    <subfield code="d">2013-09-06</subfield>
    <subfield code="l">5</subfield>
    <subfield code="o">RA407.A3 H5 2013</subfield>
    <subfield code="p">05 001484</subfield>
    <subfield code="r">2023-02-17</subfield>
    <subfield code="s">2018-09-26</subfield>
    <subfield code="t">2</subfield>
    <subfield code="w">2013-09-06</subfield>
    <subfield code="y">LB</subfield>
  </datafield>
  <datafield tag="952" ind1=" " ind2=" ">
    <subfield code="0">0</subfield>
    <subfield code="1">0</subfield>
    <subfield code="2">lcc</subfield>
    <subfield code="4">0</subfield>
    <subfield code="7">0</subfield>
    <subfield code="a">04</subfield>
    <subfield code="b">04</subfield>
    <subfield code="d">2013-09-06</subfield>
    <subfield code="l">2</subfield>
    <subfield code="o">RA407.A3 H5 2013</subfield>
    <subfield code="p">05 001485</subfield>
    <subfield code="r">2023-02-17</subfield>
    <subfield code="s">2019-04-03</subfield>
    <subfield code="t">3</subfield>
    <subfield code="w">2013-09-06</subfield>
    <subfield code="y">LB</subfield>
  </datafield>
  <datafield tag="952" ind1=" " ind2=" ">
    <subfield code="0">0</subfield>
    <subfield code="1">0</subfield>
    <subfield code="2">lcc</subfield>
    <subfield code="4">0</subfield>
    <subfield code="7">0</subfield>
    <subfield code="a">04</subfield>
    <subfield code="b">04</subfield>
    <subfield code="d">2013-09-06</subfield>
    <subfield code="l">14</subfield>
    <subfield code="o">RA407.A3 H5 2013</subfield>
    <subfield code="p">05 001486</subfield>
    <subfield code="r">2023-02-17</subfield>
    <subfield code="s">2019-04-03</subfield>
    <subfield code="t">4</subfield>
    <subfield code="w">2013-09-06</subfield>
    <subfield code="y">LB</subfield>
  </datafield>
  <datafield tag="952" ind1=" " ind2=" ">
    <subfield code="0">0</subfield>
    <subfield code="1">0</subfield>
    <subfield code="2">lcc</subfield>
    <subfield code="4">0</subfield>
    <subfield code="7">0</subfield>
    <subfield code="a">04</subfield>
    <subfield code="b">04</subfield>
    <subfield code="d">2013-09-06</subfield>
    <subfield code="l">6</subfield>
    <subfield code="o">RA407.A3 H5 2013</subfield>
    <subfield code="p">05 001487</subfield>
    <subfield code="r">2023-02-17</subfield>
    <subfield code="s">2019-04-03</subfield>
    <subfield code="t">5</subfield>
    <subfield code="w">2013-09-06</subfield>
    <subfield code="y">LB</subfield>
  </datafield>
  <datafield tag="952" ind1=" " ind2=" ">
    <subfield code="0">0</subfield>
    <subfield code="1">0</subfield>
    <subfield code="2">lcc</subfield>
    <subfield code="4">0</subfield>
    <subfield code="7">0</subfield>
    <subfield code="a">04</subfield>
    <subfield code="b">04</subfield>
    <subfield code="d">2013-09-06</subfield>
    <subfield code="l">5</subfield>
    <subfield code="o">RA407.A3 H5 2013</subfield>
    <subfield code="p">05 001488</subfield>
    <subfield code="r">2023-02-17</subfield>
    <subfield code="s">2019-04-03</subfield>
    <subfield code="t">6</subfield>
    <subfield code="w">2013-09-06</subfield>
    <subfield code="y">LB</subfield>
  </datafield>
  <datafield tag="952" ind1=" " ind2=" ">
    <subfield code="0">0</subfield>
    <subfield code="1">0</subfield>
    <subfield code="2">lcc</subfield>
    <subfield code="4">0</subfield>
    <subfield code="7">0</subfield>
    <subfield code="a">04</subfield>
    <subfield code="b">04</subfield>
    <subfield code="d">2015-02-06</subfield>
    <subfield code="l">10</subfield>
    <subfield code="o">RA407.A3 H5 2013</subfield>
    <subfield code="p">05 001923</subfield>
    <subfield code="r">2023-02-03</subfield>
    <subfield code="s">2019-05-02</subfield>
    <subfield code="t">7</subfield>
    <subfield code="w">2015-02-06</subfield>
    <subfield code="y">LB</subfield>
  </datafield>
  <datafield tag="952" ind1=" " ind2=" ">
    <subfield code="0">0</subfield>
    <subfield code="1">0</subfield>
    <subfield code="2">lcc</subfield>
    <subfield code="4">0</subfield>
    <subfield code="7">0</subfield>
    <subfield code="a">04</subfield>
    <subfield code="b">04</subfield>
    <subfield code="d">2015-02-06</subfield>
    <subfield code="l">18</subfield>
    <subfield code="m">1</subfield>
    <subfield code="o">RA407.A3 H5 2013</subfield>
    <subfield code="p">05 001924</subfield>
    <subfield code="r">2025-01-27</subfield>
    <subfield code="s">2023-05-18</subfield>
    <subfield code="t">8</subfield>
    <subfield code="w">2015-02-06</subfield>
    <subfield code="y">LB</subfield>
  </datafield>
  <datafield tag="999" ind1=" " ind2=" ">
    <subfield code="c">90755</subfield>
    <subfield code="d">90755</subfield>
  </datafield>
  <controlfield tag="008">130906s2013    mx a          001 0 spa d</controlfield>
  <datafield tag="020" ind1=" " ind2=" ">
    <subfield code="a">9786071509017</subfield>
  </datafield>
  <datafield tag="050" ind1=" " ind2="4">
    <subfield code="a">RA407.A3 </subfield>
    <subfield code="b">H5 2013</subfield>
  </datafield>
  <datafield tag="100" ind1="1" ind2=" ">
    <subfield code="a">Higashida Hirose, Bertha Yoshiko</subfield>
    <subfield code="e">, autor </subfield>
  </datafield>
  <datafield tag="245" ind1="1" ind2="0">
    <subfield code="a">Ciencias de la salud</subfield>
    <subfield code="c"> / Bertha Yoshiko Higashida Hirose</subfield>
  </datafield>
  <datafield tag="250" ind1=" " ind2=" ">
    <subfield code="a">7a. edici&#xF3;n </subfield>
  </datafield>
  <datafield tag="260" ind1=" " ind2=" ">
    <subfield code="a">M&#xE9;xico</subfield>
    <subfield code="b"> : McGraw Hill</subfield>
    <subfield code="c"> , 2013</subfield>
  </datafield>
  <datafield tag="300" ind1=" " ind2=" ">
    <subfield code="a">456 p&#xE1;ginas </subfield>
    <subfield code="b"> : ilustraciones </subfield>
    <subfield code="c"> ; 28 cm.</subfield>
  </datafield>
  <datafield tag="505" ind1="0" ind2=" ">
    <subfield code="a">El hombre, producto de la evoluci&#xF3;n
Conceptos de salud y enfermedad
La medicina de ciencia natural y social
Factores ecol&#xF3;gicos de la salud y la enfermedad
Mecanismos de defensa e inmunidad
Historia natural de la enfermedad
Enfermedad transmisible
Invalidez o discapacidad
Anatom&#xED;a y fisiolog&#xED;a
Sistema &#xF3;seo, osteolog&#xED;a
Sindesmolog&#xED;a o artrolog&#xED;a
Sistema muscular
Miolog&#xED;a
Sistema nervioso
&#xD3;rganos de los sentidos y la piel
Sistema endocrino
Sistema digestivo
Sistema circulatorio
Sistema respiratorio
Sistema urinario
Sistema reproductor - hombre - mujer
Elementos sexuales - fecundaci&#xF3;n y nidaci&#xF3;n
Formaci&#xF3;n de la placenta
Embarazo, modificaciones maternas
Embarazo gemelar</subfield>
  </datafield>
  <datafield tag="519" ind1=" " ind2=" ">
    <subfield code="a">Plan UNAM / </subfield>
    <subfield code="b">Preparatoria Quinto A&#xF1;o / </subfield>
    <subfield code="c">Educaci&#xF3;n para la Salud (1503) / </subfield>
    <subfield code="d">(05 001483 ; 05 001484)</subfield>
  </datafield>
  <datafield tag="650" ind1=" " ind2="4">
    <subfield code="a">SALUD P&#xDA;BLICA </subfield>
  </datafield>
  <datafield tag="650" ind1=" " ind2="4">
    <subfield code="a">FISIOLOG&#xCD;A HUMANA </subfield>
  </datafield>
  <datafield tag="942" ind1=" " ind2=" ">
    <subfield code="c">LB</subfield>
  </datafield>
</record>
